Normal view
MARC view
Entry Personal Name
001 - CONTROL NUMBER
- control field: 1236570
003 - CONTROL NUMBER IDENTIFIER
- control field: OSt
005 - DATE AND TIME OF LATEST TRANSACTION
- control field: 20260430150133.0
008 - FIXED-LENGTH DATA ELEMENTS
- fixed length control field: 260430|| aca||aabn | a|a d
040 ## - CATALOGING SOURCE
- Original cataloging agency: OSt
- Transcribing agency: OSt
100 ## - HEADING--PERSONAL NAME
- Personal name: Sinha Nitish Kumar Au.; Thirupathi Natesan Gu
670 ## - SOURCE DATA FOUND
- Source citation: Work cat.: (OSt)1849041: Sinha Nitish Kumar Au.; Thirupathi Natesan Gu., Synthesis, Structural, Reactivity and Catalytic Aspects of Pd(II) Pincer Complexes Derived From N-Substituted Guianidines, 2022
